000
00327nam a2200121 a 4500
005
20140414131926.0
008
101027s19uu xx 00 eng d
050
_a
ER
_b
F91 1991
100
_a
Pilkey, Dav
245
_a
A friend for dragon :
_b
Dragon's first tale.
260
_a
New York :
_b
Scholastic ,
_c
1991.
999
_c
112025
_d
112025